Score 0/30 Timer 03:00
0 Plays Today
% Correct
Ache
93.5%
Storm
92.1%
Quake
91.7%
Cane
91.6%
Dew
87.4%
Worm
84.3%
Struck
83.8%
Keeper
83.4%
Pick
83%
Corn
82.6%
Fingers
79%
Hopper
78.8%
Roots
77.5%
Burns
77.3%
Writer
75.5%
% Correct
Scotch
74.6%
Mint
74.4%
Coat
73.5%
Hop
72.8%
Happy
70.4%
Tight
70.1%
Lock
69.1%
Winder
66.7%
Moon
65.7%
Iron
64.8%
Setter
59.1%
Dash
54.9%
Flint
50.5%
Wether
47.8%
Tender
45.1%
Remove Ads.
Support Sporcle.
Get the best of Sporcle when you Go Orange. This ad-free experience offers more features, more stats, and more fun while also helping to support Sporcle. Thank you for becoming a member.

You're not logged in!

Compare scores with friends on all Sporcle quizzes.
OR
Log In

Show Comments

Extras

Top Quizzes Today


Score Distribution

Your Account Isn't Verified!

In order to create a playlist on Sporcle, you need to verify the email address you used during registration. Go to your Sporcle Settings to finish the process.

Report this User

Report this user for behavior that violates our Community Guidelines.

Details: